Größte Städte Ungarn - Statistiken

Allgemein
  • Dieses Quiz wurde 74 mal gespielt
  • Das Durchschnittsergebnis liegt bei 6 aus 10
Antwortstatistiken
Bevölkerung Stadt % Korrekt
1.752.286 Budapest
100%
201.432 Debrecen(Debrezin)
74%
132.038 Győr(Raab)
74%
142.873 Pécs(Fünfkirchen)
64%
160.766 Szeged(Segedin)
60%
96.940 Székesfehérvár(Stuhlweißenburg)
51%
154.521 Miskolc(Mischkolz)
45%
78.407 Szombathely(Steinamanger)
32%
110.687 Kecskemét(Ketschkemet)
28%
116.799 Nyíregyháza(Birkenkirchen)
26%
Keine übereinstimmenden Quizze gefunden
Verteilung der Resultate
Anzahl Personen mit jedem Resultat
Perzentil nach korrekt beantworteten Fragen
Ihre Resultats-Entwicklung
Sie haben dieses Quiz noch nicht gespielt